Salvaging the WTO's future (Record no. 505723)

MARC details
000 -LEADER
fixed length control field 00801nam a2200253Ia 4500
003 - CONTROL NUMBER IDENTIFIER
control field OSt
005 - DATE AND TIME OF LATEST TRANSACTION
control field 20220925183736.0
008 - FIXED-LENGTH DATA ELEMENTS--GENERAL INFORMATION
fixed length control field 220923b |||||||| |||| 00| 0 eng d
037 ## - SOURCE OF ACQUISITION
Terms of availability General Book
040 ## - CATALOGING SOURCE
Original cataloging agency RTL
Transcribing agency RTL
Language of cataloging eng
041 ## - LANGUAGE CODE
Source of code eng
Language code of text/sound track or separate title eng
100 ## - MAIN ENTRY--PERSONAL NAME
Personal name Debroy Bibek
9 (RLIN) 73069
245 #0 - TITLE STATEMENT
Title Salvaging the WTO's future
Remainder of title Doha and beyond
260 ## - PUBLICATION, DISTRIBUTION, ETC.
Place of publication, distribution, etc. Delhi
Name of publisher, distributor, etc. Konark Publishers
Date of publication, distribution, etc. 2002
300 ## - PHYSICAL DESCRIPTION
Extent xii, 482 Bibliography chapterwise
Dimensions cm.
490 ## - SERIES STATEMENT
Series statement Rajiv Gandhi Institute for Contemporary Studies
650 ## - SUBJECT ADDED ENTRY--TOPICAL TERM
Topical term or geographic name entry element ForeignTrade
9 (RLIN) 255165
700 ## - ADDED ENTRY--PERSONAL NAME
Personal name DasGupta Amit Ed.
9 (RLIN) 43398
942 ## - ADDED ENTRY ELEMENTS (KOHA)
Classification part X:54.1,hN95:g, P2
Koha item type General Books
Source of classification or shelving scheme Colon Classification (CC)
Holdings
Withdrawn status Lost status Damaged status Not for loan Home library Current library Date acquired Total Checkouts Full call number Barcode Date last seen Price effective from Koha item type
        Ratan Tata Library Ratan Tata Library 2022-09-25   X:54.1,hN95:g P2 RT1145271 2022-09-25 2022-09-25 General Books
Copyright @ Delhi University Library System